| 000 | 00356 a2200145 4500 | ||
|---|---|---|---|
| 003 | OSt | ||
| 005 | 20180116182748.0 | ||
| 008 | 160426b xxu||||| |||| 00| 0 eng d | ||
| 020 | _a0256209820 | ||
| 040 | _c0 | ||
| 100 | _aWilliam D | ||
| 245 | _aBasic marketing a global managerial approach | ||
| 260 |
_aBoston _c2001 |
||
| 942 |
_aNBS _cBK _k658.8 PER _2ddc |
||
| 999 |
_c345544 _d345544 |
||